[Event "36 Abierto Ciudad de Sevilla"]
[Site "?"]
[Date "2011.01.07"]
[Round "1"]
[White "Corrales Jimenez, Fidel"]
[Black "Herrera Ramirez , Daniel"]
[Result "1-0"]
[WhiteElo "2591"]
[BlackElo "1912"]
[PlyCount "73"]
[EventDate "2011.01.07"]
[SourceDate "2011.01.07"]

1. d4 Nf6 2. c4 c5 3. d5 b5 4. cxb5 a6 5. bxa6 Bxa6 6. Nc3 g6 7. e4 Bxf1 8.
Kxf1 d6 9. Nf3 Bg7 10. g3 O-O 11. Kg2 Ng4 ({
En 1995, Alma Ata, Judit Polgar prefirió 11...Cfd7 ante Karpov} 11... Nfd7 12.
Re1 Na6 13. Re2 Qb6 14. Bg5 Rfe8 15. Rc1 h6 16. Bf4 Nb4 17. a3 Na6 18. h4 h5
19. Qd2 Rab8 20. e5 dxe5 21. Nxe5 Nxe5 22. Bxe5 Bxe5 23. Rxe5 Qxb2 24. Qxb2
Rxb2 25. Ne4 Kf8 26. Nxc5 Nxc5 27. Rxc5 Ra2 28. Ra5 Rb8 29. Re3 Rbb2 30. Rf3
Rd2 31. Rf4 Kg7 32. Ra7 Kf8 33. Ra5 f6 34. Ra7 Rxd5 35. Re4 Re5 36. Rxe5 fxe5
37. Kf3 Kf7 38. Ke3 Kf6 39. a4 e6 40. f3 Rg2 41. a5 Rxg3) 12. Bf4 ({
Karpov jugó 12.Cd2 ante Ceccaldi, Bastia 1998} 12. Nd2 Ne5 13. Qe2 Na6 14. f4
Nd7 15. Nf3 Qc7 16. Re1 Rfb8 17. e5 Nf8 18. a4 Nb4 19. Qe4 Rb7 20. Re2 c4 21.
f5 Nd3 22. f6 Bh8 23. fxe7 Qxe7 24. Bg5 Qc7 25. exd6 Qxd6 26. Be7 Qa6 27. d6
Nd7 28. Ra2 N7c5 29. Qd5 Nd7 30. Ng5 N7e5 31. Nb5 Nb4 32. Qe4 Nbd3 33. Nc7 Rxc7
34. dxc7 Rc8 35. Bd8 Nc5 36. Qd5) 12... Nd7 13. Qc2 Qb6 14. Nd2 Rfb8 15. Rhb1
Qb4 (15... Nge5 {parece más natural}) 16. Bg5 f6 (16... Kf8 $5) 17. Bf4 Nde5 {
Diagrama #} (17... Nge5) 18. h3 Nh6 19. Bxe5 fxe5 {Tras las imprecisiones el
Ag7 y el Ch6 han quedado fuera de juego. El futuro peón pasado en b4 decidirá,
pero Corrales se lo toma con calma} 20. a3 Qa5 21. Ra2 (21. b4 cxb4 22. axb4
Qxa1 23. Rxa1 Rxa1 24. b5 $18) 21... Qc7 22. Nc4 Nf7 23. b3 Qd7 24. Qe2 h5 25.
h4 Nh6 26. b4 cxb4 27. Rxb4 Rxb4 28. axb4 Rf8 29. b5 Ng4 30. f3 Nf6 31. b6 Rb8
32. Ra7 Qd8 33. Qb2 Nd7 34. Na4 Nc5 35. Nxc5 dxc5 36. Qb5 e6 37. d6 1-0

[Event "36 Abierto Ciudad de Sevilla"]
[Site "?"]
[Date "2011.01.07"]
[Round "1"]
[White "Spraggett, Kevin"]
[Black "Cadenas Falcon, Jose Antonio"]
[Result "1-0"]
[WhiteElo "2575"]
[BlackElo "1903"]
[PlyCount "63"]
[EventDate "2011.01.07"]
[SourceDate "2011.01.07"]

1. d4 d5 2. c4 e6 3. Nf3 Nf6 4. Nc3 c6 5. e3 Bd6 6. Bd3 Nbd7 7. O-O O-O 8. e4
dxe4 9. Nxe4 Nxe4 10. Bxe4 f5 11. Bc2 e5 12. c5 Be7 13. dxe5 ({La primera gran
jugadora de la historia, Vera Menchik, prefirió 13.Cxe5 en Margate, 1939 ante
Thomas.} 13. Nxe5 Nxe5 14. dxe5 Be6 15. Bb3 Qc8 16. Qc2 f4 17. f3 Kh8 18. Bd2
Bxb3 19. axb3 Qd7 20. Qc3 Bxc5+ 21. Qxc5 Qxd2 22. Rxa7 Qxb2 23. Rxb7 Rfe8 24.
Qxc6 Qxe5 25. h3 Ra2 26. Qd7 Re2 27. Kh2 h6 28. Rd1 Rxg2+) 13... Nxc5 14. Qe2
Be6 15. Rd1 {Diagrama #} Qe8 ({mejor} 15... Bd5 {liberando e6 para el caballo}
16. Nd4 Qc8) 16. Nd4 Bd5 $2 (16... a5 $16) 17. Nxf5 $18 Ne6 18. Be3 g6 19. Qg4
Kh8 20. Nd6 Bxd6 21. exd6 Qd7 22. Qg3 Ng7 23. Bd4 Kg8 24. Re1 Rfe8 25. Be5 Re6
26. f4 Nh5 27. Qg5 Rae8 28. Bf5 Qf7 29. Bxe6 Rxe6 30. f5 Qxf5 31. Qxf5 gxf5 32.
d7 1-0

[Event "36 Abierto Ciudad de Sevilla"]
[Site "?"]
[Date "2011.01.07"]
[Round "1"]
[White "Curado Manuel , Joao Ferro"]
[Black "Mirzoev, Azer"]
[Result "0-1"]
[WhiteElo "1903"]
[BlackElo "2563"]
[PlyCount "52"]
[EventDate "2011.01.07"]
[SourceDate "2011.01.07"]

1. d4 Nf6 2. Nf3 e6 3. g3 b5 4. Bg2 Bb7 5. O-O c5 6. c3 Na6 7. Bg5 Be7 8. Nbd2
O-O 9. a4 b4 10. Re1 h6 11. Bxf6 Bxf6 12. e4 bxc3 13. bxc3 cxd4 14. cxd4 Nb4
15. Rb1 a5 16. Qb3 ({a considerar} 16. e5 Be7 17. Ne4) 16... Rb8 17. Nc4 $2 Ba8
$6 (17... d5 18. exd5 Bxd5 19. Rbc1 Nc6 20. Qd1 Rb4 $17) 18. Nd6 (18. e5) 18...
Qb6 19. Nb5 Rfc8 20. Rbd1 d6 21. e5 Be7 22. exd6 Bd5 23. Qb1 Bxd6 {Diagrama #}
24. Nxd6 $2 ({era preferible intentar simplificar con} 24. Rc1 {
el Cb5 era la mejor pieza defensiva blanca}) 24... Qxd6 25. Rc1 $2 (25. Rd2 Nc6
26. Qd1 Rb4 {por culpa de haber quitado al eficaz Cb5}) 25... Rxc1 26. Rxc1 Na2
0-1

[Event "36 Abierto Ciudad de Sevilla"]
[Site "?"]
[Date "2011.01.07"]
[Round "1"]
[White "Lemos, Damian"]
[Black "Gimenez Iturralde, Daniel"]
[Result "1-0"]
[WhiteElo "2553"]
[BlackElo "1902"]
[PlyCount "49"]
[EventDate "2011.01.07"]
[SourceDate "2011.01.07"]

1. d4 Nf6 2. c4 g6 3. Nc3 Bg7 4. g3 d6 5. Bg2 O-O 6. Nf3 Nbd7 7. O-O c6 8. e4
e5 9. h3 Re8 10. Re1 h6 11. Be3 Qc7 12. Qd2 Kh7 13. Rad1 Nb6 $6 {No queda bien
el caballo aquí. Si el blanco insiste en no jugar d5 ni dxe5 el caballo estará
mejor en f8 para pasar a e6} 14. b3 Bd7 15. Qc1 {Diagrama #} Bf8 $2 {Si quitáse
mos las tres últimas jugadas negras habría más armonía entre sus piezas} 16. c5
$18 dxc5 17. dxe5 Ng8 18. Ne2 c4 19. bxc4 Bb4 20. Rf1 Be6 21. Nf4 Qc8 22. c5
Bc4 23. cxb6 Bxf1 24. Bxf1 axb6 25. Qc4 1-0

[Event "36 Abierto Ciudad de Sevilla"]
[Site "?"]
[Date "2011.01.07"]
[Round "1"]
[White "Dizdar, Goran"]
[Black "Jimenez Gonzalez , Manuel Jose"]
[Result "1-0"]
[WhiteElo "2544"]
[BlackElo "1901"]
[PlyCount "57"]
[EventDate "2011.01.07"]
[SourceDate "2011.01.07"]

1. d4 Nf6 2. Nf3 e6 3. c4 b6 4. e3 Bb7 5. Bd3 Bb4+ 6. Nc3 d5 $6 7. Qa4+ Nc6 8.
cxd5 Bxc3+ $6 (8... Qxd5 9. O-O Qa5 $14) 9. bxc3 Qxd5 10. c4 Qa5+ 11. Qxa5 Nxa5
12. Nd2 $16 O-O 13. f3 Rfd8 14. Ke2 (14. Nb3) 14... Rac8 (14... e5 $5) 15. Ba3
Nc6 (15... c5) 16. Rac1 a6 17. Rhd1 Ne8 18. Nb3 f5 19. Bb1 g6 20. Bb2 a5 21.
Kf2 {Diagrama #} Kf7 $6 (21... a4 22. Nd2 f4 $16) 22. d5 exd5 23. cxd5 Ne7 24.
e4 $16 Nf6 $2 (24... fxe4 25. fxe4 c6) 25. Nd4 $18 fxe4 26. fxe4 Rd7 27. Kg1 (
27. Nf3) 27... c5 $2 28. Nf3 Rdd8 29. Ng5+ 1-0

[Event "36 Abierto Ciudad de Sevilla"]
[Site "?"]
[Date "2011.01.07"]
[Round "1"]
[White "Sengupta, Deep"]
[Black "Suarez Fernandez, Enrique Olive"]
[Result "1-0"]
[WhiteElo "2530"]
[BlackElo "1887"]
[PlyCount "55"]
[EventDate "2011.01.07"]
[SourceDate "2011.01.07"]

1. e4 e6 2. d4 b6 3. Bd3 Bb7 4. Qe2 Nf6 5. Nf3 c5 6. c3 Be7 7. Bg5 Nc6 8. a3
Na5 {d5, cxd4 o h6 son más naturales} 9. Nbd2 c4 10. Bc2 ({
podía ganarse un peón con} 10. Bxf6 Bxf6 (10... cxd3 11. Bxe7 Qxe7 12. Qxd3)
11. Nxc4) 10... Rc8 11. O-O O-O 12. Rae1 d6 13. Bb1 h6 14. Bxf6 Bxf6 15. e5 {
Diagrama #} Bg5 (15... Be7) 16. Ne4 Bxe4 (16... Be7) 17. Qxe4 g6 18. h4 Be7 (
18... d5 19. Qg4 Be7 20. Bxg6 fxg6 21. Qxg6+ Kh8 22. Re3 $18) 19. h5 $18 f5 20.
exf6 Rxf6 21. hxg6 Kg7 22. d5 Nb3 23. Re3 Qe8 24. dxe6 Rc5 25. Rd1 Rff5 26. Qb7
Na5 27. Qxa7 Nc6 28. Qd7 1-0

[Event "36 Abierto Ciudad de Sevilla"]
[Site "?"]
[Date "2011.01.07"]
[Round "1"]
[White "Sevillano Leal , Julio"]
[Black "Starostits, Ilmars"]
[Result "0-1"]
[WhiteElo "1876"]
[BlackElo "2494"]
[PlyCount "44"]
[EventDate "2011.01.07"]
[SourceDate "2011.01.07"]

1. d4 d5 2. Nf3 Bf5 3. c4 e6 4. Nc3 Nc6 5. cxd5 exd5 6. Qb3 Nf6 7. Bg5 Na5 8.
Qa4+ c6 9. Bxf6 gxf6 10. e3 b5 11. Bxb5 cxb5 12. Qxb5+ Bd7 13. Qxd5 Bc6 ({
o bien} 13... Rb8 14. O-O Be7 15. Qh5 O-O 16. Nd5 Re8 17. Rfc1 Nc6 18. b3 Rc8
19. Nh4 Nb4 20. Nxb4 Bxb4 21. Nf5 Bf8 22. Nh6+ Bxh6 23. Qxh6 Bf5 24. Rxc8 Qxc8
25. Qxf6 Qc3 26. Qg5+ {1/2-1/2 Schneider,L-Malaniuk,V/Yalta 1982}) 14. Qf5 Bb4
{Diagrama #} 15. Rc1 ({mejor} 15. O-O Nc4 $2 16. Ne4 Be7 17. b3 Nd6 18. Nxd6+
Qxd6 19. e4 Qe6 20. Nh4 Bxe4 21. Qb5+ Bc6 22. Qa5 Qd5 23. Qd2 Rg8 24. f3 O-O-O
25. Rac1 Kb7 26. Qf4 Qxd4+ 27. Qxd4 Rxd4 28. Nf5 Rd2 29. g3 Ba3 30. Rc3 Re8 31.
Rf2 Ree2 32. Rxe2 Rxe2 33. Rxc6 Re5 34. Rxf6 {
1-0 Nagelsdiek,M-Liebau,A/Boeblingen 1994}) 15... Rg8 16. a3 Bxc3+ 17. Rxc3
Rxg2 18. Rc5 $6 (18. b4 Qd7 19. Qxd7+ Kxd7 20. d5 Bxd5 21. Rd3 Ke6 22. Nd4+ Ke5
23. bxa5 Rb8 24. Rd1 Rb2 25. f3 Rxh2 26. Rxh2 Rxh2 $11) 18... Rc8 {Diagrama #}
19. Kf1 $2 ({estropeando una buena partida} 19. Qxh7 Bb7 (19... Bxf3 20. Qh8+
Ke7 21. Rxc8 Qxh8 22. Rxh8) 20. Ne5 fxe5 21. Rxe5+ Kf8 22. Qh8+ Rg8 23. Qh6+
Rg7 24. Qh8+ $11) 19... Rg6 $19 20. Rg1 Nb7 21. Rc3 Nd6 22. Qc2 Bxf3 0-1

[Event "36 Abierto Ciudad de Sevilla"]
[Site "?"]
[Date "2011.01.07"]
[Round "1"]
[White "Khamrakulov, Ibragim S."]
[Black "Alba Hiescar , Pedro"]
[Result "1-0"]
[WhiteElo "2494"]
[BlackElo "1872"]
[PlyCount "39"]
[EventDate "2011.01.07"]
[SourceDate "2011.01.07"]

1. e4 c6 2. d4 d5 3. exd5 cxd5 4. c4 Nf6 5. Nc3 Nc6 6. Bg5 e6 7. Nf3 Be7 8. c5
O-O 9. Bb5 Qc7 10. O-O a6 11. Bxc6 bxc6 12. Ne5 Bxc5 13. Bxf6 gxf6 14. Qg4+ (
14. Ng4 Be7 15. f4 f5 16. Nh6+ Kg7 17. Qh5 Bf6 18. Rad1 c5 19. Rf3 Rh8 20.
Nxf5+ exf5 21. Nxd5 Bxd4+ 22. Rxd4 Qc6 23. Rd1 Rf8 24. Qg5+ Qg6 25. Qe7 Be6 26.
Rg3 Rad8 27. Qf6+ {1-0 Hasan,M-Vaghar,M/Teheran 2001/EXT 2002}) 14... Kh8 15.
Qf4 fxe5 16. Qf6+ Kg8 17. dxc5 Re8 18. Rae1 {Diagrama #} e4 $2 ({
!estaba bastante clara la maniobra Te3-g3!; se imponía} 18... Qe7 19. Qxe5 f6
20. Qg3+ Kh8) 19. Re3 $18 Qd8 20. Qh6 1-0

[Event "36 Abierto Ciudad de Sevilla"]
[Site "?"]
[Date "2011.01.07"]
[Round "1"]
[White "Munoz Jorva, Miguel Angel"]
[Black "Korneev, Oleg"]
[Result "0-1"]
[WhiteElo "1908"]
[BlackElo "2576"]
[PlyCount "110"]
[EventDate "2011.01.07"]
[SourceDate "2011.01.07"]

1. d4 d5 2. c4 c6 3. Nc3 Nf6 4. Nf3 e6 5. cxd5 exd5 6. Bg5 Be7 7. e3 Bf5 8. Bd3
Bxd3 9. Qxd3 Nbd7 10. O-O O-O 11. Rab1 a5 12. Rfc1 Re8 13. Na4 Ne4 14. Bxe7
Qxe7 15. Nd2 {
En esta posición se acordaron tablas en la Yudasin-Novikov, N. York 2001} f5
16. Nxe4 $6 (16. a3 Qh4 17. g3 Qh5 18. Nxe4 fxe4 19. Qd1 Qf5 20. Nc5 Nxc5 21.
dxc5 Rf8 22. Rc2 a4 23. Rd2 Rf6 24. Rc1 Rh6 25. Qf1 Ra5 26. Rd4 Qh5 27. Qg2 Rf6
28. Rc2 g5 29. g4 Qf7 30. Qg3 Qe7 31. Rb4 Ra8 32. b3 axb3 33. Rxb3 Rf3 34. Qd6
Qxd6 35. cxd6 Rf7 36. Rcb2 Ra7 37. Kg2 Kf8 38. Rb1 Ke8 39. h4 h6 40. hxg5 hxg5
41. Rh1 Kd7 42. Rh6 b5 43. Rg6 Ra4 44. Rxg5 Rc4 45. Rg6 Rc2 46. Kg3 Rcxf2 47.
a4 bxa4 48. Ra3 R2f6 49. Rxf6 Rxf6 50. Rxa4 Rf3+ {
1-0 Schlueter,Y-Van der Stricht,G/Gent 1998}) 16... fxe4 17. Qe2 {dado que el
negro tomará la iniciativa en el flanco de rey era necesario jugar más activo
con} (17. Qb3 Rab8 18. Nb6 $15) 17... Rf8 18. Nc5 Nxc5 {Diagrama #} 19. dxc5 {
mejor Txc5 intentando disponer de un futuro b4-b5} Rf5 20. b4 {
Arruina la última posibilidad de contrajuego en este flanco. Mejor Tc3} axb4
21. Rxb4 b5 $1 $19 22. a4 bxa4 23. Qa2 a3 24. Rb3 Ra5 25. Rxa3 Rxc5 26. Rac3
Rxc3 27. Rxc3 Qe8 28. Ra3 Rf8 29. Ra6 h6 30. h3 Kh7 31. Qc2 Rf6 32. f3 Qc8 33.
Ra4 Rg6 34. fxe4 Qxh3 35. exd5 Qxe3+ 36. Kf1 cxd5 37. Rg4 Qe6 38. Rg3 Qe4 39.
Qxe4 dxe4 40. Re3 Re6 41. Kf2 h5 42. Rh3 e3+ 43. Ke2 Kg6 44. Rg3+ Kh6 45. Rh3
Re4 46. Rxe3 Rxe3+ 47. Kxe3 Kg5 48. Kf3 h4 49. Kf2 Kg4 50. Kg1 Kg3 51. Kh1 g5
52. Kg1 g4 53. Kh1 Kf2 54. Kh2 g3+ 55. Kh1 h3 0-1

[Event "36 Abierto Ciudad de Sevilla"]
[Site "?"]
[Date "2011.01.07"]
[Round "1"]
[White "Romero Lopez, Cristina"]
[Black "Matamoros Franco , Carlos S."]
[Result "0-1"]
[WhiteElo "1901"]
[BlackElo "2545"]
[PlyCount "68"]
[EventDate "2011.01.07"]
[SourceDate "2011.01.07"]

1. e4 e6 2. Nf3 c5 3. c3 d5 4. exd5 exd5 5. d4 Nf6 6. Be2 cxd4 7. cxd4 Bb4+ 8.
Bd2 Bxd2+ 9. Nbxd2 O-O 10. O-O Nc6 11. Bb5 Ne7 12. Re1 Bg4 13. h3 Bxf3 14. Nxf3
Ng6 15. Rc1 Rc8 16. Rxc8 Qxc8 17. Ne5 Qd8 18. Nxg6 hxg6 19. Ba4 Qd6 20. Re5 Qb4
21. Bb3 a5 22. a3 Qb6 23. a4 Qb4 {Diagrama #} 24. g4 {Carlos no ha logrado
crear desequilibrios y tiene una posición delicada. En lugar de la pasiva 24...
Td8 decide complicar} b5 25. axb5 a4 26. Bxa4 (26. Bxd5 Rd8 27. Ba2 Rxd4 28.
Qc2 $16) 26... Qxb2 27. Re7 $2 (27. Bb3 $16) 27... Qb4 (27... Ne4 28. Bc2 (28.
Qc2 Qxd4) 28... Nc3 29. Qd3 Nxb5 $15) 28. Re5 $11 Ra8 29. Bb3 (29. g5 Nd7 (
29... Rxa4 30. gxf6 Qxb5 31. fxg7 Kxg7 32. Rxd5 Qxd5 33. Qxa4) 30. Rxd5 Nb6 31.
Bb3 Nxd5 32. Bxd5 Rd8 33. Qf3 Rd7 34. Qe4 Qxb5 35. Qe8+ Kh7 36. Bxf7 Qxg5+ $15)
29... Ra3 30. Bxd5 Nxd5 31. Rxd5 Qc3 {Diagrama #} 32. Rd8+ $4 ({era obligado} 
32. Rc5 Qxh3 33. b6 $14) 32... Kh7 $19 33. Qe2 Qxh3 34. Qf1 Qxg4+ 0-1

[Event "36 Abierto Ciudad de Sevilla"]
[Site "?"]
[Date "2011.01.07"]
[Round "1"]
[White "Gomez Feria , Jose Maria"]
[Black "Rizouk, Aimen"]
[Result "0-1"]
[WhiteElo "1897"]
[BlackElo "2539"]
[PlyCount "70"]
[EventDate "2011.01.07"]
[SourceDate "2011.01.07"]

1. Nf3 Nf6 2. c4 e6 3. Nc3 Bb4 4. e3 O-O 5. Be2 b6 6. O-O Bb7 7. a3 Bxc3 8.
bxc3 d6 9. Qc2 Nbd7 10. a4 a5 11. d4 Ne4 12. Nd2 f5 13. f3 Ng5 14. Rf2 e5 15.
Ba3 f4 16. e4 Kh8 17. Rb1 Bc6 18. Rb2 Qf6 19. d5 Bb7 20. Nb3 Bc8 21. Qd3 Qg6
22. Kf1 Nf6 $17 {Diagrama #} 23. Ke1 $2 (23. Bd1) 23... Bd7 $19 24. c5 bxc5 25.
Ra2 Qh5 26. h3 Rfb8 27. Qc4 c6 28. Bc1 Qh4 29. Bf1 (29. Kf1) 29... cxd5 30.
exd5 e4 31. Kd1 Nxd5 32. Nxa5 Be6 33. Nc6 Ne3+ 34. Bxe3 Bxc4 35. Bxc4 fxe3 0-1

[Event "36 Abierto Ciudad de Sevilla"]
[Site "?"]
[Date "2011.01.07"]
[Round "1"]
[White "Abbasov, Farid"]
[Black "Perez Reisler, Jose"]
[Result "1-0"]
[WhiteElo "2539"]
[BlackElo "1893"]
[PlyCount "67"]
[EventDate "2011.01.07"]
[SourceDate "2011.01.07"]

1. d4 Nf6 2. c4 c6 3. Nf3 d5 4. Qb3 g6 5. g3 Bg7 6. Bg2 O-O 7. O-O Nbd7 8. cxd5
cxd5 9. Nc3 Nb6 10. a4 Re8 11. Bf4 Nh5 12. Rfc1 Nxf4 13. gxf4 a6 14. a5 Nc4 15.
Nxd5 Nxa5 16. Rxa5 Qxa5 17. Nc7 Be6 18. d5 $2 (18. Nxe6 fxe6 19. Ng5 $16) 18...
Rec8 $15 19. dxe6 Rxc7 20. exf7+ Kh8 21. Rd1 Qf5 22. Ng5 {Diagrama #} e5 $2 (
22... h6 23. Ne6 Qxf7 $15) 23. Qb6 $16 Qc2 $6 (23... Rxf7 24. Nxf7+ Qxf7 25.
Qxb7 Qxb7 26. Bxb7 $16) 24. Qd6 exf4 $2 $19 (24... Rf8) 25. Qd8+ Rxd8 26. Rxd8+
Bf8 27. Rxf8+ Kg7 28. Rg8+ Kh6 29. f8=Q+ Kxg5 30. h4+ Kg4 31. Qf6 Rc5 32. Kh2
Qxe2 33. f3+ Kh5 34. Qxg6+ 1-0

[Event "36 Abierto Ciudad de Sevilla"]
[Site "?"]
[Date "2011.01.07"]
[Round "1"]
[White "Juidiaz Hernandez, Antonio Luis"]
[Black "Haslinger, Stewart G"]
[Result "0-1"]
[WhiteElo "1891"]
[BlackElo "2536"]
[PlyCount "92"]
[EventDate "2011.01.07"]
[SourceDate "2011.01.07"]

1. Nf3 d5 2. d4 Nf6 3. c4 e6 4. cxd5 exd5 5. Nc3 c6 6. Bg5 Be7 7. e3 Bf5 8. Bd3
Bxd3 9. Qxd3 Nbd7 10. O-O O-O 11. Nd2 Re8 12. f3 a5 13. a4 {Sin el Ad3 el plan
f3-e4 no es igual de eficaz pero esta jugada arruina el otro plan temático de
las blancas: preparar a3-b4 por lo que la iniciativa pasa al negro} Qb6 14. Kh1
Rad8 15. Qc2 Nh5 16. Bxe7 Rxe7 17. Rfe1 Rde8 18. Nf1 Nf4 19. Qd2 Ne6 20. Rad1
Rd8 21. e4 dxe4 22. fxe4 Ne5 23. d5 Nc5 24. Qd4 {Diagrama #} (24. Qe2) 24...
Qb4 $15 25. Ng3 $2 (25. Re2) 25... Qxd4 26. Rxd4 Ncd3 27. Re3 Nxb2 $19 28. Nf5
Red7 29. Rg3 g6 30. Nh6+ Kg7 31. Ng4 Nbc4 32. Nxe5 Nxe5 33. Rd1 Rc8 34. h4 cxd5
35. Nxd5 Rc4 36. Rf1 Rxe4 37. Nf6 Rxh4+ 38. Kg1 Re7 39. Re3 Rd4 40. g4 h6 41.
g5 hxg5 42. Rh3 Rh4 43. Rxh4 gxh4 44. Nd5 Rd7 45. Nf4 Rd4 46. Ne2 Rxa4 0-1

[Event "36 Abierto Ciudad de Sevilla"]
[Site "?"]
[Date "2011.01.07"]
[Round "1"]
[White "Sirletti, Sonia"]
[Black "Teske, Henrik"]
[Result "0-1"]
[WhiteElo "1886"]
[BlackElo "2520"]
[PlyCount "58"]
[EventDate "2011.01.07"]
[SourceDate "2011.01.07"]

1. d4 Nf6 2. c4 e6 3. Nc3 Bb4 4. f3 c5 5. a3 Ba5 6. d5 b5 7. e4 bxc4 8. dxe6 $6
(8. Bxc4) 8... fxe6 9. Qd6 Qb6 10. Qxb6 axb6 11. Bxc4 Nc6 $17 12. Bd2 Ne5 13.
b3 (13. Be2) 13... O-O 14. Nh3 Bb7 {Diagrama #} 15. Ke2 (15. O-O-O) 15... d5
$19 16. exd5 exd5 17. Bb5 d4 18. Na4 Bxd2 19. Kxd2 Ra5 20. Be2 Nd5 21. Rhc1
Rfa8 22. Nf2 Bc6 23. Bc4 Nxc4+ 24. bxc4 Rxa4 25. cxd5 Bxd5 26. Rab1 R8a6 27.
Nd3 Rxa3 28. Ne5 h5 29. Ng6 Ra2+ 0-1

[Event "36 Abierto Ciudad de Sevilla"]
[Site "?"]
[Date "2011.01.07"]
[Round "1"]
[White "Estevez Fernandez, Josue"]
[Black "Gonzalez Garcia, Jose"]
[Result "0-1"]
[WhiteElo "1879"]
[BlackElo "2503"]
[PlyCount "71"]
[EventDate "2011.01.07"]
[SourceDate "2011.01.07"]

1. e4 c5 2. Nf3 e6 3. d4 cxd4 4. Nxd4 a6 5. Nc3 Qc7 6. Bd3 Nf6 7. Qe2 Bd6 8. f4
(8. Ndb5 $5 axb5 9. Nxb5 Qa5+ (9... Qc6 10. Nxd6+ Qxd6 11. e5) 10. Bd2 Bb4 11.
Bxb4 Qxb4+ 12. c3 Qc5 13. e5 Nd5 14. Nd6+ Kf8 15. O-O) 8... Bxf4 9. Bxf4 Qxf4
10. Rf1 (10. g3) 10... Qxh2 11. O-O-O Nc6 12. Nxc6 bxc6 13. e5 Nd5 14. Nxd5
cxd5 {Diagrama #} 15. Rf3 $6 (15. Qf2) 15... d6 16. Rdf1 Qxe5 17. Qxe5 dxe5 18.
Rxf7 e4 19. Be2 Rg8 20. Bh5 Kd8 21. Rf8+ Rxf8 22. Rxf8+ Kc7 23. Rf7+ Kb6 24.
Rxg7 Ra7 25. Rxa7 Kxa7 26. Bf7 Kb6 27. c3 Kc5 28. Kd2 e5 29. Bg8 h6 30. Ke3 Bb7
31. g3 d4+ 32. Kd2 Bd5 33. Bxd5 Kxd5 34. a3 Kc4 35. g4 Kb3 36. Ke2 0-1

[Event "36 Abierto Ciudad de Sevilla"]
[Site "?"]
[Date "2011.01.07"]
[Round "1"]
[White "Campora , Daniel H"]
[Black "Fernandez Calzada , Juan A"]
[Result "1-0"]
[WhiteElo "2488"]
[BlackElo "1868"]
[PlyCount "81"]
[EventDate "2011.01.07"]
[SourceDate "2011.01.07"]

1. e4 c5 2. Nf3 d6 3. d4 cxd4 4. Nxd4 Nf6 5. Nc3 a6 6. Be3 e6 7. a4 Qc7 8. Be2
Nbd7 9. O-O Be7 10. f4 b6 11. Bf3 Bb7 12. Qe1 Nc5 13. Bf2 O-O 14. Rd1 Rad8 15.
Bh4 Rfe8 16. e5 dxe5 17. fxe5 Nd5 18. Bxd5 Bxd5 19. Bxe7 {Diagrama #} Qxe7 $2 (
19... Rxe7) 20. b4 $18 Nb7 21. Nxd5 Rxd5 22. c4 Rdd8 23. Nc6 Qc7 24. Nxd8 Nxd8
25. Qd2 Nc6 26. Qd6 Qc8 27. b5 axb5 28. cxb5 Ne7 29. Qxb6 Nd5 30. Qa7 Re7 31.
Rc1 Qd8 32. Qa6 Re8 33. Qb7 Rf8 34. Rf3 Ne7 35. a5 h6 36. a6 Qd4+ 37. Kh1 Nf5
38. a7 Qd2 39. Rcf1 Qa2 40. b6 Nh4 41. Rxf7 1-0

[Event "36 Abierto Ciudad de Sevilla"]
[Site "?"]
[Date "2011.01.07"]
[Round "1"]
[White "Santos Ruiz, Miguel"]
[Black "Saric, Ante"]
[Result "0-1"]
[WhiteElo "1866"]
[BlackElo "2482"]
[PlyCount "90"]
[EventDate "2011.01.07"]
[SourceDate "2011.01.07"]

1. e4 c5 2. Nf3 e6 3. d4 cxd4 4. Nxd4 a6 5. Nc3 b5 6. Bd3 Bb7 7. O-O Nc6 8. Nb3
Nf6 9. f4 d6 10. a3 Be7 11. Be3 O-O 12. Qe1 e5 13. Rd1 Ng4 14. Bc1 exf4 15.
Bxf4 Bg5 16. Qg3 Bxf4 {Diagrama #} 17. Qxg4 $6 (17. Rxf4) 17... Be5 18. Qe2 Rc8
19. Qd2 Na5 20. Nxa5 Bxc3 21. bxc3 Qxa5 22. c4 Qxd2 23. Rxd2 bxc4 24. Be2 Bxe4
25. Rxd6 Bxc2 26. Rc1 Bb3 27. Rd4 Rc7 28. Rc3 a5 29. Bxc4 a4 30. Rf4 g6 31. Kf2
Kg7 32. Ke3 Rfc8 33. Kd3 f5 34. h4 Rc5 35. Rd4 R8c7 36. Rc1 h6 37. g3 g5 38.
hxg5 hxg5 39. Rc3 g4 40. Rf4 Kf6 41. Rd4 Bxc4+ 42. Rcxc4 Rxc4 43. Rxc4 Rxc4 44.
Kxc4 f4 45. Kd4 f3 0-1

[Event "36 Abierto Ciudad de Sevilla"]
[Site "?"]
[Date "2011.01.07"]
[Round "1"]
[White "Das, Arghyadip"]
[Black "Gomez Vargas , Pedro Jose"]
[Result "1-0"]
[WhiteElo "2479"]
[BlackElo "1864"]
[PlyCount "67"]
[EventDate "2011.01.07"]
[SourceDate "2011.01.07"]

1. e4 c5 2. Nf3 d6 3. d4 cxd4 4. Nxd4 Nf6 5. Nc3 a6 6. h3 e5 7. Nde2 Be7 8. g4
Be6 9. Bg2 O-O 10. Be3 Nc6 11. O-O Rc8 12. Nd5 (12. Qd2 Qa5 13. Rfd1 Rfd8 14.
a3 Qc7 15. Na4 Nd7 16. b3 b5 17. Nac3 Nd4 18. Nxd4 exd4 19. Bxd4 Bf6 20. Bxf6
Nxf6 21. Ne2 d5 22. exd5 Bxd5 23. Qf4 Qb7 24. Bxd5 Rxd5 25. Rxd5 Qxd5 26. Nd4
Re8 27. Nf5 Qc5 28. Qg5 Qxf2+ 29. Kxf2 Ne4+ 30. Kg2 Nxg5 31. h4 Ne6 32. Rd1 h5
33. gxh5 Nf4+ 34. Kf3 Nxh5 35. Rd6 g6 36. Nd4 Ra8 37. c4 bxc4 38. bxc4 Rc8 39.
Nc6 Kf8 40. Ne5 Re8 41. Nd3 Ng7 42. Rxa6 Nf5 43. Kf4 Rd8 44. Ne5 Rd4+ 45. Kg5
Nd6 46. h5 gxh5 47. Kh6 h4 48. Ra8+ Ne8 49. Ra7 Rd6+ 50. Kh5 Re6 51. Nd7+ Kg7
52. Kxh4 Re4+ 53. Kg5 Rxc4 {1/2-1/2 Usachyi,M-Rotstein,J/Kiev 1959}) 12... Bxd5
13. exd5 Na5 14. b3 b5 15. Qd2 Qc7 16. Rfc1 Rfe8 (16... Nb7) 17. a4 {Diagrama #
} bxa4 $2 (17... Nb7) 18. Rxa4 $18 Bd8 19. Ng3 e4 20. g5 Nxd5 21. Qxd5 Re5 22.
Qd2 d5 23. Bf4 Nc6 24. Rxa6 Qe7 25. h4 Nb8 26. Ra8 Re6 27. Bh3 Bc7 28. Bxc7
Qxc7 29. Bxe6 fxe6 30. c4 Qb7 31. Rca1 Qxb3 32. cxd5 exd5 33. Qd4 Rc4 34. Qxd5+
1-0

[Event "36 Abierto Ciudad de Sevilla"]
[Site "?"]
[Date "2011.01.07"]
[Round "1"]
[White "Suarez Pozo, Juan Carlos"]
[Black "Komljenovic, Davorin"]
[Result "0-1"]
[WhiteElo "1861"]
[BlackElo "2457"]
[PlyCount "58"]
[EventDate "2011.01.07"]
[SourceDate "2011.01.07"]

1. e4 c5 2. a3 e6 3. b4 cxb4 4. d4 Nf6 5. e5 Nd5 6. Bc4 d6 7. Bxd5 exd5 8. f4
Nc6 9. Nf3 Qa5 10. O-O Be7 11. Bb2 dxe5 12. fxe5 O-O 13. axb4 Qxb4 14. Ba3 Qb6
15. Qd3 Bg4 {Diagrama #} 16. Nc3 $2 (16. Nbd2) 16... Bxa3 $19 17. Rxa3 Bxf3 18.
gxf3 Nxd4 19. Kh1 Qc5 20. Nxd5 Qxd5 21. c3 Rfd8 22. cxd4 Qxd4 23. Qf5 Re8 24.
Re1 Re6 25. Rae3 Rae8 26. Re4 Qd5 27. Rf4 f6 28. Rg1 Qxe5 29. Qg4 Qg5 0-1